|
|
|
|
| LEADER |
01579nam a2200469 a 4500 |
| 001 |
nkc20132440765 |
| 003 |
CZ PrNK |
| 005 |
20230204182145.0 |
| 007 |
ta |
| 008 |
130520s2012 xr a e 000 0 cze |
| 015 |
|
|
|a cnb002440765
|
| 020 |
|
|
|a 978-80-7427-106-9
|q (brož.)
|
| 035 |
|
|
|a (OCoLC)847727573
|
| 040 |
|
|
|a ABA001
|b cze
|
| 041 |
0 |
|
|a cze
|b eng
|
| 072 |
|
7 |
|a 634
|x Ovocnářství
|2 Konspekt
|9 24
|
| 080 |
|
|
|a 634.8
|2 MRF
|
| 080 |
|
|
|a 575.113:582
|2 MRF
|
| 080 |
|
|
|a 57.086.83
|2 MRF
|
| 080 |
|
|
|a (083.744)
|2 MRF
|
| 100 |
1 |
|
|a Faltus, Miloš,
|d 1970-
|7 xx0049843
|4 aut
|
| 245 |
1 |
0 |
|a Kultivace révy vinné v in vitro podmínkách :
|b certifikovaná metodika /
|c Miloš Faltus a kol.
|
| 250 |
|
|
|a 1. vyd.
|
| 260 |
|
|
|a Praha :
|b Výzkumný ústav rostlinné výroby,
|c 2012
|
| 300 |
|
|
|a 18 s. :
|b barev. il. ;
|c 21 cm
|
| 500 |
|
|
|a 40 výt.
|
| 504 |
|
|
|a Obsahuje bibliografie
|
| 546 |
|
|
|a Anglické resumé
|
| 588 |
|
|
|a Popsáno podle dotisku, rok původního vydání neuveden
|5 CZ-PrNK
|
| 650 |
0 |
7 |
|a réva vinná
|7 ph125390
|2 czenas
|
| 650 |
0 |
7 |
|a genetické zdroje
|7 ph268188
|2 czenas
|
| 650 |
0 |
7 |
|a tkáňové kultury
|7 ph138850
|2 czenas
|
| 650 |
0 |
9 |
|a grapes
|2 eczenas
|
| 650 |
0 |
9 |
|a genetic resources
|2 eczenas
|
| 650 |
0 |
9 |
|a tissue cultures
|2 eczenas
|
| 655 |
|
7 |
|a certifikované metodiky
|7 fd806827
|2 czenas
|
| 655 |
|
9 |
|a certified methodology
|2 eczenas
|
| 910 |
2 |
|
|a BOA001
|b 2-1306.783
|
| 990 |
|
|
|a BK
|
| 995 |
|
|
|a 01
|
| 991 |
|
|
|b 201306
|c NOV
|e n
|
| 996 |
6 |
|
|b 2610553260
|c 2-1306.783
|l MZK
|r Sklad / do 1 hodiny
|n 0
|p p.v.
|w 001337183
|u 000010
|a 1
|e BOA001
|j MZK50
|s P
|